01345nab a22002537a 4500999001500000003000400015005001700019008004100036040000700077100003500084245024800119260007300367300001300440500002800453505020500481505008200686650002300768650002600791650004700817650002000864650003900884773015500923942001301078 c5589d5589OSt20251219121527.0190429b xxu||||| |||| 00| 0 spa d cPJ 96567aGeraghty Fleming, Gaspar10aReflexiones sobre el desarrollo de centro de estudiantes y de la permanencia de internos en espacios de estudio en el ámbito carcelario. A propósito de la res. 372/2025 del Ministerio de Seguridad de la Nación /cGaspar Geraghty Fleming. cCiudad Autónoma de Buenos Aires :aThomson Reuters La Ley, b2025. ap. 48-59 aCita: AR/DOC/1344/2025. aSumario: I. Introducción.— II. Análisis de la res. 372/2025.— III. Argumentos en contra de la resolución.— IV. Decisión judicial dictada tras la controversia. — V. Reflexiones finales. tSi te interesa el texto completo, solicitalo a koha@justierradelfuego.gov.ar  09343aDERECHO PENAL 092082aHÁBEAS CORPUS 09615aDERECHOS Y GARANTIAS CONSTITUCIONALES 093181aPRISIÓN 093020aREADAPTACIÓN DEL CONDENADO0 0265893164tRevista de derecho penal y criminología. Nº 6 - Julio 2025dCiudad Autónoma de Buenos Aires : Thomson Reuters La Ley, 2017-x00347914 2udccANA